|
|
|
|
| LEADER |
01131nam a2200301 a 4500 |
| 001 |
1229 |
| 003 |
BD-DhAAL |
| 005 |
20150314120501.0 |
| 008 |
150314s1992 iaua b 001 0 eng |
| 010 |
|
|
|a 91070426
|
| 020 |
|
|
|a 069705392X (casebound)
|
| 020 |
|
|
|a 069714187X (paper)
|
| 040 |
|
|
|a DLC
|c DLC
|d BD-DhAAL
|
| 050 |
0 |
0 |
|a QH308.2
|b .L485 1992
|
| 082 |
0 |
0 |
|a 574
|2 20
|
| 100 |
1 |
|
|a Lewis, Ricki.
|9 8180
|
| 245 |
1 |
0 |
|a Life :
|b beginnings of life, animal life, plant life, evolution of life, behavior and ecology of life /
|c Ricki Lewis ; contributing authors, Judith Goodenough, Randall C. Moore.
|
| 260 |
|
|
|a Dubuque, IA :
|b Wm. C. Brown Publishers,
|c c1992.
|
| 300 |
|
|
|a xxiv, 760, [47] p. :
|b ill. (some col.) ;
|c 28 cm.
|
| 504 |
|
|
|a Includes bibliographical references and index.
|
| 541 |
|
|
|e 1229
|
| 650 |
|
0 |
|a Biology.
|9 9560
|
| 650 |
|
0 |
|a Human biology.
|9 9561
|
| 700 |
1 |
|
|a Goodenough, Judith.
|9 9562
|
| 700 |
1 |
|
|a Moore, Randy.
|9 9563
|
| 942 |
|
|
|2 ddc
|c BK
|
| 999 |
|
|
|c 34016
|d 34016
|
| 952 |
|
|
|0 0
|1 0
|2 ddc
|4 0
|6 574_000000000000000_LEW
|7 0
|9 53087
|a SCL
|b SCL
|c GEN
|d 2015-03-14
|l 0
|o 574 LEW
|p 3020001229
|r 2015-03-14
|t 1
|w 2015-03-14
|y BK
|